01280cam a2200337 a 4500999001900000001000900019003000500028005001700033008004100050010001700091020001800108040001800126042000900144050002100153082001300174100002500187245005100212250001200263260003800275300002100313520019200334650003800526650003100564650002100595650002200616651003100638856010600669906004500775942001200820952011000832 c328608d32860813998018Nust20170412133946.0050609s2005 nyu d 000 1 eng  a 2005015856 a9780755339976 aDLCcDLCdDLC alcac00aPZ7.V94bIt 200500a823bZIE1 aVon Ziegesar, Cecily14aThe It Girl /ccreated by Cecily von Ziegesar. a1st ed. aNew York :bLittle, Brown,c2005. a278 p. ;c21 cm. aHaving left her elite Manhattan private school to attend an equally exclusive New York State boarding school, sophomore Jenny Humphrey sets out to become the most alluring girl on campus. 1aInterpersonal relationsvFiction. 1aBoarding schoolsvFiction. 1aWealthvFiction. 1aSchoolsvFiction. 1aNew York (State)vFiction.423Contributor biographical informationuhttp://www.loc.gov/catdir/enhancements/fy0742/2005015856-b.html a7bcbccorignewd1eecipf20gy-gencatlg 2ddccBK 00102ddc4070aCLbCLcFICd2017-04-12l2o813.6 ZIEpCL1217r2026-04-07s2025-06-21t1w2017-04-12yBK